| 000 | 00739nam a2200241 a 4500 | ||
|---|---|---|---|
| 999 |
_c10898 _d10898 |
||
| 001 | 10898 | ||
| 003 | BD-JhCC | ||
| 005 | 20190706090142.0 | ||
| 008 | 190527b2017 bd ||||| a||| 00| 0 eng d | ||
| 020 | _a9789849274384 | ||
| 035 | _a(BD-JhCC)10898 | ||
| 040 |
_aBD-JhCC _dBD-JhCC |
||
| 041 | _aben | ||
| 082 |
_bHAQ 2017 _a891.443 |
||
| 100 | _aহক,সৈয়দ শামসুল | ||
| 245 |
_aবালিকার চন্দ্রযান/ _cসৈয়দ শামসুল হক, |
||
| 260 |
_aঢাকা: _bপ্রথমা প্রকাশন: _c2017. |
||
| 300 |
_a79 P. : _c22 cm. |
||
| 650 | _aBengali Novel | ||
| 700 | _aসৈয়দ শামসুল হক, | ||
| 942 |
_2ddc _cBK |
||